| 000 | 00550nam a2200157 a 4500 | ||
|---|---|---|---|
| 001 | 000049044 | ||
| 005 | 20201002061616.0 | ||
| 008 | 190716s1977 dr a 000 spa d | ||
| 040 |
_aDO-SdBNP _bspa _cBNPHU |
||
| 082 |
_axxx _bS211h |
||
| 100 |
_aSánchez, María Teresa de _930503 |
||
| 245 | 0 |
_aHistoria de la civilización :. : _beducación media / _cMaría Teresa de Sánchez. |
|
| 260 |
_aSanto Domingo : _bSecretaría de Estado de Educación Bellas Artes y Cultos, _c1977. |
||
| 300 | 0 | 0 |
_a115 p. : _bil. ; _c27 cm. |
| 590 | _aInventariado, 2019 / DG | ||
| 999 |
_c48532 _d48532 |
||